Exportní marketingový plán
Spracovanie marketingového exportného plánu. Zhodnotenie exportnej schopnosti podniku. Zaistenie podkladov a ich analýza. Stanovenie cieľov. Cieľová skupina - segmentácia trhu. Marketingový mix. Plán akcií a rozpočet.
Gespeichert in:
| 1. Verfasser: | |
|---|---|
| Format: | Buchkapitel |
| Sprache: | Tschechisch |
| Schlagworte: | |
| Tags: |
Keine Tags, Fügen Sie das erste Tag hinzu!
|
MARC
| LEADER | 00000naa a2200000 4500 | ||
|---|---|---|---|
| 001 | r043471 | ||
| 005 | 20230908092119.3 | ||
| 041 | 0 | |a cze | |
| 044 | |a CZ | ||
| 245 | 1 | 0 | |a Exportní marketingový plán |c Jan Bezemek |
| 520 | |a Spracovanie marketingového exportného plánu. Zhodnotenie exportnej schopnosti podniku. Zaistenie podkladov a ich analýza. Stanovenie cieľov. Cieľová skupina - segmentácia trhu. Marketingový mix. Plán akcií a rozpočet. | ||
| 610 | 2 | 0 | |a plán marketingový |
| 610 | 2 | 0 | |a trh medzinárodný |
| 610 | 2 | 0 | |a vývoz |
| 610 | 2 | 0 | |a tvorba plánu |
| 610 | 2 | 0 | |a ciele podnikové |
| 610 | 2 | 0 | |a segmentácia trhu |
| 100 | 1 | |a Bezemek, Jan | |